Countries that have Controlled Cyprus - Statistics

General Stats
  • This quiz has been taken 134 times
  • The average score is 10 of 15
Answer Stats
Answer % Correct
United Kingdom
93%
Türkiye
91%
Cyprus
89%
Kingdom of Cyprus
89%
Ottoman Empire
88%
Rome
87%
Byzantine Empire
77%
Achaemenid Empire
62%
Roman Empire
59%
Macedonian Empire
54%
Venice
51%
Umayyad Caliphate
40%
Abbasid Caliphate
39%
Eastern Roman Empire
25%
Rashidun Caliphate
25%
No matching quizzes found
Score Distribution
Percent of People with Each Score
Percentile by Number Answered
Your Score History
You have not taken this quiz